[Event "BdF-Diamant 09 email"]
[Site "GER email"]
[Date "2018.06.19"]
[Round "?"]
[White "Seric, Alen"]
[Black "Keevil, Paul"]
[Result "1-0"]
[WhiteElo "2313"]
[BlackElo "2284"]
[PlyCount "103"]
[EventDate "2018.??.??"]
[EventType "tourn (corr)"]
[EventRounds "10"]
[EventCountry "GER"]
[SourceTitle "Corr 2020"]
[Source "ChessBase"]
[SourceDate "2019.09.30"]
[SourceVersion "1"]
[SourceVersionDate "2019.09.30"]
[SourceQuality "1"]

1. e4 c5 2. Nf3 d6 3. d4 cxd4 4. Nxd4 Nf6 5. Nc3 a6 6. Be3 e5 7. Nb3 Be6 8. h3 Be7 9. f4 b5 10. Qf3 Nc6 11. 0-0-0 0-0 12. Kb1 b4 13. Nd5 exf4 14. Bxf4 Bxd5 15. exd5 Ne5 16. Bxe5 dxe5 17. d6 Bxd6 18. Qc6 Ne8 19. Bxa6 Qb8 20. Bd3 Be7 21. Rhe1 Qa7 22. Nc1 Bg5 23. Bc4 Nf6 24. Qb5 Bf4 25. Qxb4 Rab8 26. Qd6 Rb6 27. Qd3 e4 28. Qe2 Qb8 29. Bb3 Rb7 30. Rf1 Re7 31. Rd4 Bh6 32. a4 Qe5 33. c3 Rb8 34. Bc4 g6 35. Bb5 Nh5 36. Re1 f5 37. Nd3 Qg3 38. Nb4 Rf8 39. Red1 Rc7 40. Rd7 Nf6 41. Rxc7 Qxc7 42. Nc6 Ra8 43. Qc4+ Kg7 44. a5 Be3 45. Qb4 Qf7 46. Nd8 Nd5 47. Nxf7 Nxb4 48. Nd6 Rxa5 49. cxb4 Ra8 50. Bc6 Rb8 51. b5 Bf4 52. Nc4 1-0